Clone Wars bekannte Klone - Statistiken

Allgemein
  • Dieses Quiz wurde 24 mal gespielt
  • Das Durchschnittsergebnis liegt bei 22 aus 63
Antwortstatistiken
Bildquiz Antwort % Korrekt
Fives
100%
Rex
100%
99
94%
Cody
94%
Echo
83%
Fox
83%
Gree
72%
Gregor
72%
Wolffe
72%
Hunter
61%
Hardcase
56%
Omega
56%
Wrecker
56%
Bly
50%
Crosshair
50%
Tech
50%
Tup
50%
Boil
44%
Dogma
44%
Hevy
44%
Waxer
44%
Doom
39%
Jesse
39%
Neyo
39%
Thorn
39%
Appo
33%
Jek
33%
Jet
33%
Kix
33%
Ponds
33%
Bacara
28%
Colt
28%
Keeli
28%
Thire
28%
Vaughn
28%
Axe
22%
Blitz
22%
Boost
22%
Cutup
22%
Denal
22%
Fil
22%
Hawk
22%
Matchstick
22%
Redeye
22%
Sinker
22%
Blackout
17%
Howzer
17%
Monnk
17%
Slick
17%
Trauma
17%
Chopper
11%
Mayday
11%
Rys
11%
Stone
11%
Broadside
6%
Crasher
6%
Charger
0%
Cut Lawquane
0%
Gus
0%
Jax
0%
Niner
0%
Razor
0%
Slammer
0%
Keine übereinstimmenden Quizze gefunden
Verteilung der Resultate
Anzahl Personen mit jedem Resultat
Perzentil nach korrekt beantworteten Fragen
Ihre Resultats-Entwicklung
Sie haben dieses Quiz noch nicht gespielt